| 000 | 00389nam a22001337a 4500 | ||
|---|---|---|---|
| 020 | _a9789698486228 | ||
| 082 |
_a305.42 _bAMA |
||
| 100 | _aAmatullah | ||
| 245 |
_aWomen full Human Beings or Less than Men: _ba critical exploration of Islam and secularism / _cAmatullah |
||
| 260 |
_aLahore : _bAllied Book Company, _c2019. |
||
| 300 | _a245 p. | ||
| 563 | _aPB. | ||
| 942 |
_2ddc _cBK |
||
| 999 |
_c613705 _d613705 |
||